Hanukkah Trivia - Statistics

General Stats
  • This quiz has been taken 53 times
  • The average score is 6 of 10
Answer Stats
Hint Answer % Correct
Spinning top with 4 sides Dreidel
93%
Potato pancakes, served with apple sauce Latkes
81%
Hanukkah is the festival of... Lights
79%
Name for chocolate coins Gelt
70%
The Jewish rebel warriors who took control of Judea Maccabees
60%
The tallest and middle candle of the menorah Shamash
56%
What Hanukkah translates to Dedication
47%
Hebrew for jelly doughnuts Sufganiyot
47%
Hebrew calendar month in which Hanukkah falls Kislev
40%
Another name for the menorah Chanukiah
33%
No matching quizzes found
Score Distribution
Percent of People with Each Score
Percentile by Number Answered
Your Score History
You have not taken this quiz